La administración de justicia ante la opinión / (Record no. 20015)

MARC details
000 -LEADER
campo de control de longitud fija 01027nam a2200229 i 4500
001 - NÚMERO DE CONTROL
campo de control 20015
003 - IDENTIFICADOR DE NÚMERO DE CONTROL
campo de control ES-MaACL
005 - FECHA Y HORA DE LA ÚLTIMA TRANSACCIÓN
campo de control 20230906152220.0
007 - CAMPO FIJO DE DESCRIPCIÓN FÍSICA--INFORMACIÓN GENERAL
campo de control de longitud fija t|
008 - DATOS DE LONGITUD FIJA--INFORMACIÓN GENERAL
campo de control de longitud fija 021111s1890 sp |||| | spa d
245 03 - MENCIÓN DEL TÍTULO
Título La administración de justicia ante la opinión /
Mención de responsabilidad, etc. obra escrita por Aguilar (Antonio) ... [et al.] ; con un prólogo de Vicente Amat y Furió.
260 ## - PUBLICACIÓN, DISTRIBUCIÓN, ETC.
Lugar de publicación, distribución, etc. Barcelona :
Nombre del editor, distribuidor, etc. [s.n.],
Fecha de publicación, distribución, etc. 1890 (
Fabricante Imp. de Henrich y Comp.)
300 ## - DESCRIPCIÓN FÍSICA
Extensión 340 p. ;
Dimensiones 22 cm.
505 8# - NOTA DE CONTENIDO CON FORMATO
Nota de contenido con formato Contiene: ;
Título Oralidad del juicio e instancia único en lo civil, tribunales municipales /
Mención de responsabilidad Francisco García Cuevas. --
Título El juicio oral en materia civil /
Mención de responsabilidad Mariano Enciso
530 ## - NOTA DISPONIBLE DE FORMULARIO FÍSICO ADICIONAL
Nota de formato físico adicional disponible Disponible en formato digital.
700 1# - ENTRADA AGREGADA--NOMBRE PERSONAL
Nombre de persona Aguilar, Antonio
Títulos y otros términos asociados al nombre (jurisconsulto)
9 (RLIN) 18683
700 1# - ENTRADA AGREGADA--NOMBRE PERSONAL
Nombre de persona Amat y Furió, Vicente.
9 (RLIN) 21148
700 1# - ENTRADA AGREGADA--NOMBRE PERSONAL
Nombre de persona García Cuevas, Francisco.
9 (RLIN) 54396
700 1# - ENTRADA AGREGADA--NOMBRE PERSONAL
Nombre de persona Enciso, Mariano.
9 (RLIN) 47188
852 ## - LOCALIZACIÓN
Ubicación ES-MaACL
Número de control de estantería T-546-F-4
856 ## - LOCALIZACIÓN Y ACCESO ELECTRÓNICOS
Identificador Uniforme de Recursos <a href="http://bdh-rd.bne.es/viewer.vm?id=0000186782&page=1 ">http://bdh-rd.bne.es/viewer.vm?id=0000186782&page=1 </a>
Nota pública Biblioteca Digital Hispánica
Holdings
Estatus retirado Estado de pérdida Estado de daño No para préstamo Colección Biblioteca de origen Biblioteca actual Ubicación en estantería Fecha de adquisición Fuente de adquisición Total de préstamos Signatura topográfica completa Código de barras Visto por última vez Precio de reemplazo Tipo de ítem Koha
        Colección de folletos Biblioteca del Ateneo de Madrid Biblioteca del Ateneo de Madrid Depósito folletos 17/01/2008     T-546-F-4 1020508 23/02/2023 23/02/2023 Folleto